عرض عادي عرض مارك
  • فنطاري، خير الدين

مدخل إسم شخص

عدد التسجيلات المستخدمة في: 1

001 - رقم الضبط

  • حقل الضبط: 21513

003 - معرف رقم الضبط

  • حقل الضبط: OSt

005 - تاريخ ووقت أخر عملية

  • حقل الضبط: 20130211141617.0

008 - عناصر بيانات ثابتة الطول

  • حقل تحكم ثابت الطول: 130211|||a|||||| | ||| d

040 ## - مصدر الفهرسة

  • هيئة الفهرسة الأصلية: OSt
  • وكالة الكتابة: OSt

100 ## - مدخل -- أسم شخص

  • إسم شخص: فنطاري، خير الدين

670 ## - بيانات المصدر موجوده

  • الاستشهاد بالمصدر: Work cat.: (OSt): فنطاري، خير الدين, عقود التبرع الواردة على الملكية العقارية :, 2012.